15 meistgesprochene Sprachen - Statistiken

Allgemein
  • Dieses Quiz wurde 11 mal gespielt
  • Das Durchschnittsergebnis liegt bei 3 aus 15
Antwortstatistiken
Rang Sprache % Korrekt
1. Englisch
100%
4. Spanisch
45%
5. Französisch
36%
6. Hocharabisch
36%
12. Deutsch
27%
3. Hindi
27%
2. Mandarin-Chinesisch
9%
9. Portugiesisch
9%
7. Bengalisch
0%
11. Indonesisch
0%
13. Japanisch
0%
15. Marathi
0%
14. Nigerianisches Pidgin
0%
8. Russisch
0%
10. Urdu
0%
Keine übereinstimmenden Quizze gefunden
Verteilung der Resultate
Anzahl Personen mit jedem Resultat
Perzentil nach korrekt beantworteten Fragen
Ihre Resultats-Entwicklung
Sie haben dieses Quiz noch nicht gespielt